Bratstvo Najposv. Ruženca

Podrobná bibliografia
Médium: Kniha
Jazyk:slovenčina
Fyzický popis:8 s. 8°
Vydavateľské údaje: Spišské Podhradie Biskupská tlačiareň [1950]
Vydanie:1. vyd.
Predmet:

MARC

LEADER 00000cam a2200000 a 4500
001 vtls001458588
003 SK-MaSNL
005 20260301073304.0
008 240226s1950 xo 000 0 slo
035 |a SNK000413895 
035 |a urn:nbn:sk:snk-am3hfo1 
035 |a 698AF43E-FFFC-4714-9D26-A97AC21927A6 
035 |a urn:nbn:sk:snk-am00cyo3 
040 |a SNK  |b slo  |c SNK  |e AACR2 
041 0 |a slo 
044 |a xo  |c SK 
080 |a 2-784  |2 2001 
245 0 0 |a Bratstvo Najposv. Ruženca 
250 |a 1. vyd. 
260 |a Spišské Podhradie  |b Biskupská tlačiareň  |c [1950] 
300 |a 8 s.  |c 8° 
610 2 7 |a Bratstvo Najposvätnejšieho Ruženca  |2 SNK  |9 394120 
650 0 7 |a náboženské bratstvá  |2 SNKPH  |9 80845 
655 7 |a brožúry  |2 SNKPH  |9 70146 
958 |a ONDV 
999 |c 643733  |d 645663 
952 |t P60, <04>, [BOOK], {604}  |a SNK  |b SNK  |y VYP  |7 0  |p 17A0394120  |o snkSE 6456 D1  |i snkK 3079/77  |0 0  |1 0  |4 0  |d 2003-08-18  |l 0  |r 2005-01-02 00:00:00  |w 2026-02-23 
952 |a SNK  |b SNK  |y PREZ  |7 0  |p 17A0759825  |o snkSE 6456  |0 0  |1 0  |4 0  |d 2011-11-09  |f 1  |l 0  |r 2026-02-23 17:59:53  |w 2026-02-23